Central Library OPAC University of Rajshahi

Engineering tables / (Record no. 13294)

MARC details
000 -LEADER
fixed length control field 00803nam a2200277 a 4500
001 - CONTROL NUMBER
control field 13294
003 - CONTROL NUMBER IDENTIFIER
rucl marc code BD RJUL
005 - DATE AND TIME OF LATEST TRANSACTION
control field 20211208235431.0
008 - FIXED-LENGTH DATA ELEMENTS--GENERAL INFORMATION
fixed length control field 170530s1956 nyua 000 0 eng d
020 ## - INTERNATIONAL STANDARD BOOK NUMBER
International Standard Book Number BD RJUL
035 ## - SYSTEM CONTROL NUMBER
System control number (BD-RjUL) 13345
040 ## - CATALOGING SOURCE
Original cataloging agency CCH
Transcribing agency CCH
Modifying agency OCL
-- BD RJUL
Language of cataloging eng
041 ## - LANGUAGE CODE
Language code of text/sound track or separate title eng
082 ## - DEWEY DECIMAL CLASSIFICATION NUMBER
Edition number 23
Classification number 620.
Author mark and year ENG 1956
245 10 - TITLE STATEMENT
Title Engineering tables /
Statement of responsibility, etc. Edited by Jesse Huckert.
250 ## - EDITION STATEMENT
Edition statement First ed.
260 ## - PUBLICATION, DISTRIBUTION, ETC. (IMPRINT)
Place of publication, distribution, etc. New York :
Name of publisher, distributor, etc. McGraw-Hill,
Date of publication, distribution, etc. 1956.
300 ## - PHYSICAL DESCRIPTION
Pagination various p. :
Illustrations ill. ;
Size 27 cm.
490 0# - SERIES STATEMENT
Series statement A.S.M.E. handbook,
Volume/sequential designation 3
650 #0 - SUBJECT ADDED ENTRY--TOPICAL TERM
Topical term or geographic name as entry element Metals.
9 (RLIN) 41393
Topical term or geographic name as entry element Machine design.
9 (RLIN) 40060
Topical term or geographic name as entry element Mechanical engineering
Form subdivision Handbooks, manuals, etc.
9 (RLIN) 41394
700 ## - ADDED ENTRY--PERSONAL NAME
Personal name Huckert., Jesse
830 ## - SERIES ADDED ENTRY--UNIFORM TITLE
Uniform title A.S.M.E. handbook,
Volume number/sequential designation 3
942 ## - ADDED ENTRY ELEMENTS (KOHA)
Source of classification or shelving scheme Dewey Decimal Classification
Koha item type Books
Holdings
Lost status Source of classification or shelving scheme Damaged status Not for loan Collection code Permanent Location Current Location Shelving location Date acquired Source of acquisition Cost, normal purchase price Total Checkouts Full call number Date last seen Copy number Koha item type
  Dewey Decimal Classification     Non-fiction Central Library, University of Rajshahi Central Library, University of Rajshahi   17/11/1973 U.S.A. Govt. 0.00   620 ENG 1956 30/01/2014 C-8 Books
  Dewey Decimal Classification   Not For Loan Non-fiction Central Library, University of Rajshahi Central Library, University of Rajshahi Reading Room 17/11/1973 U.S.A. Govt. 0.00   620. ENG 1956 30/05/2017 C-1 Books
  Dewey Decimal Classification     Non-fiction Central Library, University of Rajshahi Central Library, University of Rajshahi   17/11/1973 U.S.A. Govt. 0.00   620. ENG 1956 30/05/2017 C-2 Books
  Dewey Decimal Classification     Non-fiction Central Library, University of Rajshahi Central Library, University of Rajshahi   17/11/1973 U.S.A. Govt. 0.00   620. ENG 1956 30/05/2017 C-3 Books
  Dewey Decimal Classification     Non-fiction Central Library, University of Rajshahi Central Library, University of Rajshahi   17/11/1973 U.S.A. Govt. 0.00   620. ENG 1956 30/05/2017 C-4 Books
  Dewey Decimal Classification     Non-fiction Central Library, University of Rajshahi Central Library, University of Rajshahi   17/11/1973 U.S.A. Govt. 0.00   620. ENG 1956 30/05/2017 C-5 Books
  Dewey Decimal Classification     Non-fiction Central Library, University of Rajshahi Central Library, University of Rajshahi   17/11/1973 U.S.A. Govt. 0.00   620. ENG 1956 30/05/2017 C-6 Books
  Dewey Decimal Classification     Non-fiction Central Library, University of Rajshahi Central Library, University of Rajshahi   17/11/1973 U.S.A. Govt. 0.00   620. ENG 1956 30/05/2017 C-7 Books
  Dewey Decimal Classification     Non-fiction Central Library, University of Rajshahi Central Library, University of Rajshahi   17/11/1973 U.S.A. Govt. 0.00   620. ENG 1956 30/05/2017 C-9 Books
  Dewey Decimal Classification     Non-fiction Central Library, University of Rajshahi Central Library, University of Rajshahi   19/11/1973 U. S. Govt. 0.00   620. ENG 1956 01/06/2017 C-10 Books